| 000 | 01016fam a2200205 a 4500 | ||
|---|---|---|---|
| 020 | _a0821332457 | ||
| 082 | 0 | 0 |
_a307.76 _bHUM _cD |
| 245 | 0 | 4 |
_aThe human face of the urban environment : _bA report to the development community on the Second Annual Conference on Environmentally Sustainable Development sponsored by the World Bank and held at the National Academy of Sciences and the World Bank, Washington, D.C., September 19-23, 1994 / _cIsmail Serageldin and Michael Cohen, editors ; Alison Cave, editorial consultant. |
| 260 |
_aWashington, D.C. : _bWorld Bank, _c1995. |
||
| 300 |
_avi, 55 p. : _bill. ; _c28 cm. |
||
| 490 | 1 | _aEnvironmentally sustainable development proceedings series ; | |
| 526 |
_a0 _b0 _c0 _d307_760000000000000_HUM |
||
| 650 | 0 |
_aCity planning _xEnvironmental aspects _9929 |
|
| 650 | 0 |
_aCommunity development, Urban _924448 |
|
| 650 | 0 |
_aNUST _96342 |
|
| 650 | 0 | _aSustainable development | |
| 700 | 1 |
_aCohen, Michael A., _937651 |
|
| 700 | 1 |
_aSerageldin, Ismail, _937652 |
|
| 942 |
_2ddc _cBK |
||
| 999 |
_c542473 _d542473 |
||